Welcome to CU Library Online Public Access Catalogue (OPAC)

Differential equations : (Record no. 2229)

MARC details
000 -LEADER
fixed length control field 00552cam a22001814a 4500
001 - CONTROL NUMBER
control field 12797268
005 - DATE AND TIME OF LATEST TRANSACTION
control field 20241214151758.0
008 - FIXED-LENGTH DATA ELEMENTS--GENERAL INFORMATION
fixed length control field 020531s2003 njua b 001 0 eng
020 ## - INTERNATIONAL STANDARD BOOK NUMBER
International Standard Book Number 9780130460264
050 00 - LIBRARY OF CONGRESS CALL NUMBER
Classification number QA372
Item number .C6416 2003
082 00 - DEWEY DECIMAL CLASSIFICATION NUMBER
Classification number 515/.35
Edition information 21
100 1# - MAIN ENTRY--PERSONAL NAME
Personal name Conrad, Bruce P.
245 10 - TITLE STATEMENT
Title Differential equations :
Remainder of title a systems approach /
Statement of responsibility, etc. Bruce P. Conrad.
260 ## - PUBLICATION, DISTRIBUTION, ETC.
Place of publication, distribution, etc. Upper Saddle River, NJ :
Name of publisher, distributor, etc. Prentice Hall,
Date of publication, distribution, etc. c2003.
300 ## - PHYSICAL DESCRIPTION
Extent 1 v. (various pagings) :
Other physical details ill. ;
Dimensions 25 cm.
650 #0 - SUBJECT ADDED ENTRY--TOPICAL TERM
Topical term or geographic name entry element Differential equations.
942 ## - ADDED ENTRY ELEMENTS (KOHA)
Source of classification or shelving scheme Library of Congress Classification
Koha item type Books
Suppress in OPAC No
999 ## -
-- 2229
-- 2229
Holdings
Withdrawn status Lost status Source of classification or shelving scheme Damaged status Not for loan Collection Home library Current library Shelving location Date acquired Total checkouts Full call number Barcode Date last seen Copy number Price effective from Koha item type
    Library of Congress Classification     Non-fiction Science Library (Miotso) Science Library (Miotso) General stacks 12/14/2024   QA372 CON SLM00001455 12/14/2024 1 12/14/2024 Books
© 2023-2024 Copyright: Central University Libraries. All Rights Reserved | Created by: Mahone Tech Office